[Event "BL2-Sued 1617"]
[Site "Germany"]
[Date "2017.01.15"]
[Round "4.8"]
[White "Voropaev, Gleb"]
[Black "Schlosser, Philipp"]
[Result "1/2-1/2"]
[WhiteElo "2280"]
[BlackElo "2520"]
[PlyCount "42"]
[EventDate "2016.10.16"]
[EventType "team-tourn"]
[EventRounds "9"]
[EventCountry "GER"]
[SourceTitle "EXT 2018"]
[Source "ChessBase"]
[SourceDate "2017.10.13"]
[SourceVersion "1"]
[SourceVersionDate "2017.10.13"]
[SourceQuality "1"]
[WhiteTeam "Heusenstamm"]
[BlackTeam "Deizisau"]
[WhiteTeamCountry "GER"]
[BlackTeamCountry "GER"]

1. e4 c5 2. Nf3 e6 3. c3 d5 4. e5 Nc6 5. d4 Bd7 6. Be2 Nge7 7. Na3 cxd4 8. cxd4 Nf5 9. Nc2 Nb4 10. Nxb4 Bxb4+ 11. Bd2 Be7 12. 0-0 Qb6 13. Bc3 Bb5 14. g4 Nh6 15. h3 Rc8 16. Rc1 0-0 17. Qd2 Bxe2 18. Qxe2 Rc6 19. Qd2 Rfc8 20. Ba5 Qb5 21. Rxc6 Qxc6 1/2-1/2

[Event "Frankfurt-ch"]
[Site "Frankfurt"]
[Date "2011.05.16"]
[Round "3"]
[White "Lebermann, Hellmuth"]
[Black "Voropaev, Gleb"]
[Result "0-1"]
[WhiteElo "2016"]
[BlackElo "2326"]
[PlyCount "94"]
[EventDate "2011.05.02"]
[EventType "swiss"]
[EventRounds "7"]
[EventCountry "GER"]
[SourceTitle "EXT 2012"]
[Source "ChessBase"]
[SourceDate "2011.11.24"]
[SourceVersion "1"]
[SourceVersionDate "2011.11.24"]
[SourceQuality "1"]

1. Nf3 Nf6 2. g3 g6 3. Bg2 Bg7 4. 0-0 0-0 5. c4 d6 6. d4 Nc6 7. Nc3 e5 8. d5 Nb8 9. e4 Nbd7 10. Rb1 Nc5 11. Ne1 a5 12. b3 Ne8 13. Be3 b6 14. Qd2 f5 15. Rc1 Nf6 16. f3 Bd7 17. Nc2 Rf7 18. Rce1 Qf8 19. Qe2 Bh6 20. Bd2 Bxd2 21. Qxd2 Qg7 22. Kh1 Raf8 23. Kg1 h5 24. h3 f4 25. g4 hxg4 26. fxg4 Qh6 27. Qe2 Nh7 28. Rf3 Ng5 29. Ref1 Nxf3+ 30. Qxf3 Qh4 31. Ne2 Nb7 32. Ne1 Nc5 33. Qc3 Qd8 34. Qc2 b5 35. Nf3 bxc4 36. Qxc4 g5 37. Nc3 Kg7 38. Rf2 Kg6 39. Nxe5+ dxe5 40. Qxc5 f3 41. Bf1 Qf6 42. Qe3 Qb6 43. Qd2 Rf4 44. Bc4 Rh8 45. d6 c6 46. Na4 Qa7 47. Qc3 Rxh3 0-1

[Event "FRA-chT3 Gr14 0607"]
[Site "France"]
[Date "2007.03.31"]
[Round "8.2"]
[White "Voropaev, Gleb"]
[Black "Dekar, Lies"]
[Result "1-0"]
[WhiteElo "2300"]
[BlackElo "2188"]
[PlyCount "87"]
[EventDate "2006.10.15"]
[EventType "team"]
[EventRounds "9"]
[EventCountry "FRA"]
[SourceTitle "EXT 2008"]
[Source "ChessBase"]
[SourceDate "2007.11.25"]
[SourceVersion "1"]
[SourceVersionDate "2007.11.25"]
[SourceQuality "1"]

1. e4 c5 2. Nf3 d6 3. c3 e5 4. d4 cxd4 5. cxd4 exd4 6. Nxd4 Nf6 7. Nc3 Be7 8. Be2 0-0 9. 0-0 Nc6 10. Be3 Re8 11. h3 h6 12. a3 Bf8 13. Bc4 Bd7 14. Ba2 Qe7 15. Ndb5 Nxe4 16. Nxe4 Qxe4 17. Nc7 Qg6 18. Bb1 Qf6 19. Nxa8 Rxa8 20. b4 Qh4 21. Qf3 Re8 22. Bf5 Bxf5 23. Qxf5 Re6 24. Rfd1 a6 25. Rac1 Ne5 26. Rd4 Qe7 27. Qc2 Rg6 28. Kh1 Nc6 29. Rdd1 Qh4 30. Qc4 Qe7 31. Bf4 Ne5 32. Bxe5 Qxe5 33. Qd5 Qb2 34. Qxb7 Rg5 35. Qxa6 Qxf2 36. Qf1 Qa7 37. Qf3 Kh8 38. b5 d5 39. Rc6 Qa4 40. Rxd5 Rxd5 41. Qxd5 Qxa3 42. b6 Qa1+ 43. Kh2 Qf1 44. Rc8 1-0

[Event "FRA-chT3 Gr14 0607"]
[Site "France"]
[Date "2007.02.11"]
[Round "6.2"]
[White "Schild, Christophe"]
[Black "Voropaev, Gleb"]
[Result "1-0"]
[WhiteElo "2268"]
[BlackElo "2300"]
[PlyCount "88"]
[EventDate "2006.10.15"]
[EventType "team"]
[EventRounds "9"]
[EventCountry "FRA"]
[SourceTitle "EXT 2008"]
[Source "ChessBase"]
[SourceDate "2007.11.25"]
[SourceVersion "1"]
[SourceVersionDate "2007.11.25"]
[SourceQuality "1"]

1. c4 g6 2. g3 Bg7 3. Bg2 d6 4. Nc3 e5 5. e4 Nc6 6. d3 f5 7. Nge2 Nf6 8. 0-0 0-0 9. Rb1 Be6 10. Nd5 Qd7 11. b4 Rae8 12. b5 Nd8 13. Bg5 Nh5 14. f3 c6 15. b6 axb6 16. Nxb6 Qc7 17. Qb3 f4 18. g4 Bf6 19. Bh6 Bg7 20. Bg5 Bf6 21. Bh6 Ng7 22. d4 Nf7 23. Bxg7 Kxg7 24. d5 Bc8 25. Nc3 Nd8 26. Rfd1 c5 27. Nxc8 Qxc8 28. Qb6 Be7 29. Nb5 Rh8 30. Rd3 Qd7 31. Qc7 Qxc7 32. Nxc7 Ref8 33. Rb6 Rf7 34. Nb5 g5 35. Nxd6 Bxd6 36. Rxd6 Re8 37. Ra3 Rfe7 38. Rb6 Rc7 39. Ra8 Kf8 40. Rb8 Rd7 41. Bf1 Ke7 42. Rc8 Rd6 43. Rc7+ Rd7 44. Rxc5 Nf7 1-0

[Event "Hassloch op 21st"]
[Site "Hassloch"]
[Date "2006.06.04"]
[Round "5"]
[White "Eiler, Joerg"]
[Black "Voropaev, Gleb"]
[Result "1/2-1/2"]
[WhiteElo "2116"]
[BlackElo "2271"]
[PlyCount "75"]
[EventDate "2006.06.02"]
[EventType "swiss"]
[EventRounds "7"]
[EventCountry "GER"]
[SourceTitle "CBM 112 Extra"]
[Source "ChessBase"]
[SourceDate "2006.07.14"]
[SourceVersion "1"]
[SourceVersionDate "2006.07.14"]
[SourceQuality "1"]

1. d4 Nf6 2. Bg5 e6 3. e4 h6 4. Bxf6 Qxf6 5. c3 e5 6. Nf3 d6 7. Nbd2 Be7 8. dxe5 dxe5 9. Nc4 Nd7 10. Ne3 c6 11. Nf5 Bf8 12. Qc2 g6 13. Ne3 Bc5 14. Qd2 Qf4 15. 0-0-0 0-0 16. Nc4 Nf6 17. Ncxe5 Qxd2+ 18. Nxd2 Bxf2 19. Bc4 Be3 20. Rhe1 Bb6 21. Nxf7 Ng4 22. Nxh6+ Kg7 23. Nxg4 Bxg4 24. Nf3 Rae8 25. e5 Re7 26. e6 Rfe8 27. h3 Bxe6 28. Bxe6 Rxe6 29. Rxe6 Rxe6 30. Re1 Kf6 31. Rxe6+ Kxe6 32. Kd2 Kf5 33. Ke2 Kf4 34. Nh4 g5 35. Nf3 g4 36. hxg4 Kxg4 37. Ne5+ Kg3 38. Kd3 1/2-1/2

[Event "Hassloch op 21st"]
[Site "Hassloch"]
[Date "2006.06.02"]
[Round "1"]
[White "Hirschinger, Thomas"]
[Black "Voropaev, Gleb"]
[Result "0-1"]
[WhiteElo "2075"]
[BlackElo "2271"]
[PlyCount "92"]
[EventDate "2006.06.02"]
[EventType "swiss"]
[EventRounds "7"]
[EventCountry "GER"]
[SourceTitle "CBM 112 Extra"]
[Source "ChessBase"]
[SourceDate "2006.07.14"]
[SourceVersion "1"]
[SourceVersionDate "2006.07.14"]
[SourceQuality "1"]

1. Nf3 Nf6 2. d4 g6 3. g3 Bg7 4. Bg2 0-0 5. 0-0 d6 6. c4 Nc6 7. b3 e5 8. Bb2 e4 9. Nfd2 Qe7 10. e3 Bg4 11. Qc1 Bf5 12. Nc3 h5 13. a3 Rfe8 14. Qc2 Rac8 15. d5 Nb8 16. Nb5 a6 17. Nd4 Bg4 18. Rae1 h4 19. h3 Bd7 20. g4 c5 21. dxc6 Nxc6 22. f4 exf3 23. N4xf3 b5 24. Qb1 Ne5 25. Nxe5 dxe5 26. Rf2 Nh7 27. Ref1 Ng5 28. Ne4 Be6 29. cxb5 axb5 30. b4 Nxe4 31. Qxe4 Rc4 32. Qb7 Qxb7 33. Bxb7 Rb8 34. Bg2 e4 35. Rc1 Bh6 36. Rxc4 Bxc4 37. Bd4 Ra8 38. Rd2 Rxa3 39. Kf2 Bd3 40. Bf6 Bg7 41. Bxg7 Kxg7 42. Bf1 Kf6 43. Bxd3 exd3 44. e4 Ke5 45. Ke3 Rb3 46. Rf2 d2+ 0-1

[Event "Oberliga Sued W 0506"]
[Site "Germany"]
[Date "2005.12.11"]
[Round "4.3"]
[White "Voropaev, Gleb"]
[Black "Klein, Joachim"]
[Result "1/2-1/2"]
[WhiteElo "2222"]
[BlackElo "2225"]
[PlyCount "48"]
[EventDate "2005.10.23"]
[EventType "team-tourn"]
[EventRounds "9"]
[EventCountry "GER"]
[SourceTitle "EXT 2007"]
[Source "ChessBase"]
[SourceDate "2006.11.23"]
[SourceVersion "1"]
[SourceVersionDate "2006.11.23"]
[SourceQuality "1"]
[WhiteTeam "Kaiserslautern Mehlingen"]
[BlackTeam "Illingen"]
[WhiteTeamCountry "GER"]
[BlackTeamCountry "GER"]

1. e4 d6 2. d4 Nf6 3. Nc3 g6 4. Nf3 Bg7 5. Be2 Bg4 6. h3 Bxf3 7. Bxf3 Nc6 8. 0-0 e5 9. dxe5 dxe5 10. Bg5 Qxd1 11. Bxd1 Nd4 12. f3 c6 13. Ne2 Ne6 14. Bh4 Nd7 15. Nc1 Bf6 16. Bf2 Bd8 17. Be2 Bb6 18. Bc4 Ke7 19. Nd3 f6 20. a4 Bxf2+ 21. Rxf2 Ndc5 22. Nxc5 Nxc5 23. b4 Nd7 24. a5 Rhd8 1/2-1/2

[Event "Oberliga Sued W 0506"]
[Site "Germany"]
[Date "2005.10.23"]
[Round "1.2"]
[White "Voropaev, Gleb"]
[Black "Lambert, Andreas"]
[Result "1/2-1/2"]
[WhiteElo "2222"]
[BlackElo "2165"]
[PlyCount "49"]
[EventDate "2005.10.23"]
[EventType "team-tourn"]
[EventRounds "9"]
[EventCountry "GER"]
[SourceTitle "EXT 2007"]
[Source "ChessBase"]
[SourceDate "2006.11.23"]
[SourceVersion "1"]
[SourceVersionDate "2006.11.23"]
[SourceQuality "1"]
[WhiteTeam "Kaiserslautern Mehlingen"]
[BlackTeam "Ludwigshafen"]
[WhiteTeamCountry "GER"]
[BlackTeamCountry "GER"]

1. Nf3 c5 2. g3 Nc6 3. Bg2 g6 4. 0-0 Bg7 5. c4 e5 6. Nc3 Nge7 7. d3 d6 8. a3 a5 9. Bd2 0-0 10. Rb1 Rb8 11. Ne1 Be6 12. Nc2 d5 13. cxd5 Nxd5 14. Nxd5 Bxd5 15. Bxd5 Qxd5 16. Ne3 Qe6 17. Nc4 b6 18. b4 axb4 19. axb4 e4 20. bxc5 exd3 21. exd3 bxc5 22. Be3 Nd4 23. Bxd4 Bxd4 24. Qf3 Rfe8 25. Kg2 1/2-1/2

[Event "Rheinland-ch M"]
[Site "Mainz Laubenheim"]
[Date "2002.03.30"]
[Round "7.2"]
[White "Voropaev, Gleb"]
[Black "Sieber, Patrick"]
[Result "1/2-1/2"]
[WhiteElo "2327"]
[BlackElo "1950"]
[PlyCount "69"]
[EventDate "2002.03.23"]
[EventType "swiss"]
[EventRounds "7"]
[EventCountry "GER"]
[SourceTitle "EXT 2003"]
[Source "ChessBase"]
[SourceDate "2002.11.25"]
[SourceVersion "1"]
[SourceVersionDate "2002.11.25"]
[SourceQuality "1"]

1. e4 e6 2. d4 d5 3. Nd2 dxe4 4. Nxe4 Bd7 5. Bd3 Bc6 6. Nf3 Nd7 7. 0-0 Ngf6 8. Qe2 Be7 9. Nxf6+ Nxf6 10. Rd1 Bxf3 11. Qxf3 c6 12. Qg3 Bd6 13. Qxg7 Bxh2+ 14. Kf1 Rg8 15. Qh6 Bd6 16. Bg5 Be7 17. Qh4 h6 18. Qxh6 Ng4 19. Bxe7 Qxe7 20. Qf4 0-0-0 21. g3 Rd5 22. Kg2 Rdg5 23. Rh1 Nf6 24. Rh8 Rxg3+ 25. fxg3 Rxh8 26. Rf1 Nd5 27. Qxf7 Qg5 28. Qxe6+ Kc7 29. Rf3 Kb6 30. c4 Qd2+ 31. Qe2 Qc1 32. c5+ Ka5 33. Bh7 Rxh7 34. Ra3+ Kb4 35. Rb3+ 1/2-1/2

[Event "Rheinland-ch M"]
[Site "Mainz Laubenheim"]
[Date "2002.03.29"]
[Round "5.1"]
[White "Wornath, Kai Rudolf"]
[Black "Voropaev, Gleb"]
[Result "1/2-1/2"]
[WhiteElo "2375"]
[BlackElo "2327"]
[PlyCount "25"]
[EventDate "2002.03.23"]
[EventType "swiss"]
[EventRounds "7"]
[EventCountry "GER"]
[SourceTitle "EXT 2003"]
[Source "ChessBase"]
[SourceDate "2002.11.25"]
[SourceVersion "1"]
[SourceVersionDate "2002.11.25"]
[SourceQuality "1"]

1. e4 e5 2. Nf3 Nc6 3. Bb5 a6 4. Ba4 Nf6 5. 0-0 Be7 6. Re1 b5 7. Bb3 d6 8. c3 0-0 9. d4 Bb7 10. Nbd2 Re8 11. Ng5 Rf8 12. Ngf3 Re8 13. Ng5 1/2-1/2

[Event "RLP-ch MTA 21th"]
[Site "Bad Bergzabern"]
[Date "2002.??.??"]
[Round "9"]
[White "Garski, Rudolf"]
[Black "Voropaev, Gleb"]
[Result "1/2-1/2"]
[WhiteElo "2055"]
[BlackElo "2325"]
[PlyCount "28"]
[EventDate "2002.??.??"]
[EventType "swiss"]
[EventRounds "10"]
[EventCountry "GER"]
[SourceTitle "EXT 2009"]
[Source "ChessBase"]
[SourceDate "2008.11.26"]
[SourceVersion "1"]
[SourceVersionDate "2008.11.26"]
[SourceQuality "1"]

1. Nf3 Nf6 2. g3 g6 3. Bg2 Bg7 4. 0-0 0-0 5. c4 d6 6. Nc3 e5 7. Rb1 a5 8. a3 Re8 9. b4 axb4 10. axb4 Nbd7 11. Qb3 Nf8 12. Bb2 Ne6 13. Nd5 c6 14. Nxf6+ Qxf6 1/2-1/2